Forbes Top 25 NBA Players 2020 - Statistics

General Stats
  • This quiz has been taken 29 times
  • The average score is 16 of 25
Answer Stats
Rank Player % Correct
3 LeBron James
100%
1 Giannis Antetokounmpo
96%
6 Anthony Davis
91%
2 James Harden
91%
8 Damian Lillard
87%
14 Joel Embiid
87%
7 Nikola Jokic
87%
4 Kawhi Leonard
83%
5 Luka Doncic
83%
17 Ben Simmons
78%
24 Paul George
78%
23 Kemba Walker
74%
12 Jayson Tatum
70%
10 Jimmy Butler
70%
9 Chris Paul
65%
15 Trae Young
65%
21 Kyle Lowry
57%
18 Karl-Anthony Towns
52%
13 Khris Middleton
52%
11 Rudy Gobert
52%
19 Bam Adebayo
43%
25 Nikola Vucevic
17%
16 Hassan Whiteside
4%
20 Christian Wood
0%
22 Montrezl Harrell
0%
No matching quizzes found
Score Distribution
Percent of People with Each Score
Percentile by Number Answered
Your Score History
You have not taken this quiz